El socialismo de cátedra (Record no. 163723)

MARC details
000 -LEADER
campo de control de longitud fija 00869nam a22002055i 4500
001 - NÚMERO DE CONTROL
campo de control 163723
003 - IDENTIFICADOR DE NÚMERO DE CONTROL
campo de control ES-MaACL
005 - FECHA Y HORA DE LA ÚLTIMA TRANSACCIÓN
campo de control 20231229063047.0
008 - DATOS DE LONGITUD FIJA--INFORMACIÓN GENERAL
campo de control de longitud fija 011126s1878 sp |||| | spa d
040 ## - FUENTE DE CATALOGACIÓN
Centro catalogador/agencia de origen EXT
Lengua de catalogación spa
Centro/agencia transcriptor EXT
100 1# - ENTRADA PRINCIPAL--NOMBRE DE PERSONA
Nombre de persona Rodríguez, Gabriel,
Fechas asociadas al nombre 1829-1901
9 (RLIN) 98243
245 10 - MENCIÓN DEL TÍTULO
Título El socialismo de cátedra
Resto del título : 10ª conferencia: 3 de enero de 1878 /
Mención de responsabilidad, etc. por Gabriel Rodríguez.
260 ## - PUBLICACIÓN, DISTRIBUCIÓN, ETC.
Lugar de publicación, distribución, etc. Madrid :
Nombre del editor, distribuidor, etc. [s.n.],
Fecha de publicación, distribución, etc. 1878 (
Fabricante Estab. tip. de J.C. Conde y Compañía)
300 ## - DESCRIPCIÓN FÍSICA
Extensión P. 173-187 ;
Dimensiones 23 cm.
594 ## - Nota al título y mención de responsabilidad
Nota al título y mención de responsabilidad Precede al tít.: Institución de Libre Enseñanza.
595 ## -
-- Separata de: Revista de España.
710 2# - ENTRADA AGREGADA--NOMBRE DE ENTIDAD CORPORATIVA
Nombre de entidad corporativa o nombre de jurisdicción como elemento de entrada Institución Libre de Enseñanza.
9 (RLIN) 4724
852 ## - LOCALIZACIÓN
Ubicación ES-MaACL
Número de control de estantería T-257-F-4
Nota libre -- Enc. hol.
-- -- Enc. en un vol. facticio
Encuadernación -- Edic.: Este ejemplar tiene sólo portadilla que carece de pie de imp.
Holdings
Estatus retirado Estado de pérdida Estado de daño No para préstamo Colección Biblioteca de origen Biblioteca actual Ubicación en estantería Fecha de adquisición Total de préstamos Signatura topográfica completa Código de barras Visto por última vez Precio de reemplazo Tipo de ítem Koha
        Colección de folletos Biblioteca del Ateneo de Madrid Biblioteca del Ateneo de Madrid Depósito folletos 17/01/2008   T-257-F-4 1171570 23/02/2023 23/02/2023 Folleto